[Event "Zalakaros Barczay Memorial 2020"]
[Site "Zalakaros"]
[Date "2020.09.01"]
[Round "2.9"]
[White "Boguszlavszkij, Jevgenyij"]
[Black "Farkas, Otto Jr."]
[Result "1-0"]
[WhiteElo "2168"]
[BlackElo "2054"]
[Annotator "TA"]
[PlyCount "47"]
[EventDate "2020.08.31"]
[EventType "swiss"]
[EventCountry "HUN"]
[SourceTitle "playchess.com"]
[Source "ChessBase"]
[SourceQuality "1"]

{[%evp 9,47,-28,-36,-32,-12,-21,-6,-27,-13,-22,15,12,15,0,0,-4,-1,-8,4,-16,45,51,60,2,110,110,181,177,297,285,687,701,698,699,666,614,616,609,29991,29992]} 1. e4 Nf6 2. d3 e5 3. Nf3 Nc6 4. g3 Bc5 5. Be3 Bxe3 6. fxe3 {C44: Ponziani Opening and Scotch Gambit.} O-O 7. Bg2 d6 8. Nc3 {The position is equal.} Bg4 9. Qd2 {[#]} Bxf3 $146 ({Predecessor:} 9... Qd7 10. O-O-O Rab8 11. Rdf1 b5 12. Nh4 a5 13. h3 Be6 14. g4 Ne7 15. Nf5 a4 {1-0 (26) Richter,L (1359)-Wiesner,P (1067) Willingen 2007}) 10. Bxf3 Rb8 11. O-O Ne7 12. Rf2 c6 13. Raf1 b5 14. g4 Qb6 (14... Ng6 $11) 15. g5 $36 {[%mdl 2048] White has the initiative.} Ne8 16. Bg4 (16. h4 $14) 16... Nc7 (16... d5 $1 $11) 17. Rf3 $16 d5 (17... Ng6 $16) 18. Qf2 $18 Kh8 (18... Ng6 $142 19. Rxf7 d4) 19. Kh1 dxe4 $2 {[#]} (19... d4 20. Rxf7 Rxf7 21. Qxf7 Qc5) 20. Rxf7 Rxf7 21. Qxf7 Ng8 22. Nxe4 Nd5 23. Nd6 {[#] Intending Qxg8+! and mate.} h6 24. Qg6 {Accuracy: White = 94%, Black = 40%.} 1-0

[Event "Zalakaros Barczay Memorial 2020"]
[Site "Zalakaros"]
[Date "2020.09.01"]
[Round "2.10"]
[White "Stifter, Ewald"]
[Black "Bodrogi, Bendeguz"]
[Result "1-0"]
[WhiteElo "1937"]
[BlackElo "2078"]
[Annotator "TA"]
[PlyCount "98"]
[EventDate "2020.08.31"]
[EventType "swiss"]
[EventCountry "HUN"]
[SourceTitle "playchess.com"]
[Source "ChessBase"]
[SourceQuality "1"]

{[%evp 16,98,0,0,0,0,0,0,6,9,10,16,24,0,0,0,0,-48,-43,-40,16,31,20,-31,-25,-31,-30,-24,-27,-25,-22,-33,-22,-42,0,-7,161,158,299,147,142,147,137,133,214,208,220,220,231,178,248,208,229,223,166,95,109,59,59,44,44,44,122,44,44,44,44,43,107,107,126,141,144,43,43,43,44,44,44,45,122,122,150,122,113]} 1. Nf3 c5 2. g3 Nc6 3. d4 cxd4 4. Nxd4 g6 5. Bg2 Bg7 6. Nxc6 bxc6 7. O-O Nf6 8. Nc3 O-O 9. e4 e6 {[#] A04: Unusual lines after 1 Nf3 and King's Indian Attack.} 10. Qd6 $146 ({Predecessor:} 10. Be3 d5 11. exd5 cxd5 12. Bd4 Bb7 13. Re1 Re8 14. Na4 Nd7 15. Bxg7 Kxg7 16. c4 Nb6 17. cxd5 Bxd5 18. Nxb6 Qxb6 19. Bxd5 exd5 20. Qxd5 Qxb2 21. Rab1 Qf6 22. Rxe8 Rxe8 23. Rb7 Rd8 {½-½ (23) Sapi,J (2080)-Telek,G (2155) Hungary 2007}) 10... Ne8 11. Qd2 d5 {The position is equal.} 12. b3 Nd6 13. Rb1 Qc7 14. Ba3 Rd8 15. Rfd1 Ba6 16. Bxd6 Qxd6 17. Na4 Qe7 ({Better is} 17... Qa3 $15) 18. Qa5 $11 Bb5 19. Nb2 (19. exd5 $11 exd5 20. Nc3) 19... Rab8 20. a4 Be2 21. Re1 Bh5 22. Nd3 g5 23. exd5 cxd5 24. Bxd5 {[%mdl 64] Pin} Bg6 ({But not} 24... Rxd5 $2 25. Qxd5 $1 {[%mdl 512]} Rc8 26. Qb5 $16) 25. Bc4 h5 $2 (25... Bd4 $11) 26. Ne5 $1 $18 {[%cal Re5g6]} Qf6 (26... Rd6 $16) 27. Nxg6 ({Not} 27. Qxa7 Bxc2 28. Rbc1 Bxb3 $16) (27. Nc6 $1 $18) 27... Qxg6 $16 28. Bd3 $36 {[%mdl 2048] White is really pushing.} Qh6 29. Qxa7 h4 (29... Bd4 $16 30. Qc7 Qf6) 30. Qe3 $18 Bd4 31. Qf3 Kg7 32. g4 Bb6 (32... Ra8 $142 33. Be4 Ra7) 33. Re5 Rd4 {...Rf4 would now be nice for Black.} 34. Re4 $1 Rxe4 35. Qxe4 (35. Bxe4 $18 Qf6 36. b4) 35... Qf6 $16 36. Rf1 Rd8 $1 37. Qc6 Rd4 38. h3 (38. Qxb6 $2 {leads to mate.} Rxg4+ 39. Kh1 Qf3#) 38... Bd8 (38... Ba5 $14) 39. Qg2 (39. Re1 $1 $16) 39... Bc7 $14 40. Re1 Rf4 41. Re4 Rf3 {[#]} (41... Bb6 $14 42. Rxf4 Qxf4) 42. Be2 $1 $16 Rc3 {[#]} 43. Bd3 $1 Bb6 44. Rc4 (44. Kf1 $16) 44... Rxc4 $14 45. Bxc4 Qc3 46. Bd3 Qe1+ 47. Qf1 Qb4 (47... Qe5 $1 $14) 48. Qc1 Qc5 49. Qd2 Qe5 {Black defended with fortune. Accuracy: White = 73%, Black = 63%.} 1-0

[Event "Zalakaros Barczay Memorial 2020"]
[Site "Zalakaros"]
[Date "2020.09.01"]
[Round "2.11"]
[White "Dobos, Jozsef"]
[Black "Herbold, Manfred"]
[Result "1-0"]
[WhiteElo "2254"]
[BlackElo "2063"]
[Annotator "TA"]
[PlyCount "79"]
[EventDate "2020.08.31"]
[EventType "swiss"]
[EventCountry "HUN"]
[SourceTitle "playchess.com"]
[Source "ChessBase"]
[SourceQuality "1"]

{[%evp 10,79,102,89,88,84,104,82,106,75,100,91,183,57,108,66,60,46,54,15,4,-62,-32,-75,-56,-54,21,55,81,-12,-12,-37,-30,-56,0,0,47,24,19,0,68,53,51,-425,-389,-406,-185,-222,0,0,0,0,1219,1210,1114,1103,29979,29980,29986,29980,29973,29968,29995,29996,29996,29997,29997,29998,29998,29999,29999,29999]} 1. Nf3 Nc6 2. e4 Nf6 3. e5 Ng4 4. d4 d6 5. h3 Nh6 6. Nc3 a6 {B00: Queen's Fianchetto Defence, Nimzowitsch Defence.} 7. g4 e6 {[#]} 8. Bg5 $146 ({Predecessor:} 8. Qe2 Be7 9. Bxh6 gxh6 10. O-O-O d5 11. Qe3 Bd7 12. Qxh6 Bf8 13. Qf4 Bg7 14. Be2 {1-0 (41) Evans,G (2401)-Roques,P (2203) LSS email 2008}) 8... Qd7 {White is better.} 9. a3 Ng8 10. Bd3 b6 (10... f6 $16 {was worth a try.}) 11. Qe2 (11. d5 $1 $18 {[%cal Rd5c6]} Nce7 12. Be4 exd5 13. Nxd5) 11... Bb7 ({Black should try} 11... d5 $14) 12. O-O-O d5 13. Kb1 Na5 14. Na2 c5 15. c4 (15. c3 $11) 15... Ne7 $15 16. Nc3 dxc4 17. Be4 Nd5 (17... Bxe4+ $1 $15 18. Nxe4 (18. Qxe4 Nd5 $15) 18... Nd5) 18. Nxd5 $11 Bxd5 {[#]} 19. Bxd5 (19. dxc5 $1 $16 {Black must now prevent Rxd5!} Bxc5 20. Rxd5 exd5 21. Rd1) 19... Qxd5 20. dxc5 Qxc5 21. Nd2 Rc8 (21... Qb5 $15 22. Qf3 Rb8) 22. Ne4 Qxe5 23. f4 Qb5 24. Qd2 $40 {[%mdl 128] White wants to mate with Qd8+! Black needs to defend precisely.} Nb7 (24... f6 $11 25. Rhe1 Kf7) 25. f5 {Threatens to win with fxe6.} Bxa3 26. Nf6+ $2 {[%mdl 8192]} (26. Qc3 $1 $14 {keeps the upper hand.} Bxb2 27. Qxb2) 26... gxf6 $19 27. Bxf6 c3 (27... Rf8 $142 {aiming for ...Be7.} 28. Qe2 Be7) 28. Bxc3 {[#]} Rg8 $2 (28... Rf8 $1 $19 {...Be7 is the strong threat.} 29. Bg7 Bb4) 29. fxe6 $1 $11 fxe6 {[#] And now ...Be7 would win.} 30. Qh6 $1 {[%mdl 512]} Nc5 $2 {[%mdl 8192]} ({Stronger than} 30... Rxc3 31. Qxe6+ Be7 32. Qxg8+ Bf8 33. Rhe1+ Re3 34. Rxe3+ Qe5 35. Rxe5#) (30... Nd8 $11 31. Rhe1 Be7 32. Rxe6 Nxe6 33. Qxe6 {[%mdl 64] Double Attack} Qc4 34. Qd7+ Kf8 35. Qf5+ {[%mdl 64] Double Attack} Ke8 36. Qd7+ Kf8 37. Qf5+ {[%mdl 64] Double Attack} Ke8 38. Qd7+) 31. Qh5+ $18 Rg6 32. Qxh7 Rg5 33. Qh8+ {White mates.} Kf7 34. Qf6+ Ke8 35. Qxg5 Na4 36. Qg6+ {[%mdl 64] Double Attack} Ke7 37. Bf6+ Kf8 38. Qg7+ Ke8 39. Qg8+ {[%mdl 64] Double Attack} Bf8 40. Qxe6+ {Accuracy: White = 46%, Black = 58%.} 1-0

[Event "Zalakaros Barczay Memorial 2020"]
[Site "Zalakaros"]
[Date "2020.09.02"]
[Round "3.1"]
[White "Aczel, Gergely"]
[Black "Pasti, Aron"]
[Result "1-0"]
[WhiteElo "2532"]
[BlackElo "2270"]
[Annotator "TA"]
[PlyCount "59"]
[EventDate "2020.08.31"]
[EventType "swiss"]
[EventCountry "HUN"]
[SourceTitle "playchess.com"]
[Source "ChessBase"]
[SourceQuality "1"]

{[%evp 13,59,20,20,17,19,4,13,12,16,18,10,6,11,7,38,18,30,6,13,19,22,18,47,35,71,31,38,0,0,0,16,-5,43,47,48,13,60,61,53,43,96,55,105,87,299,280,351,348]} 1. d4 d5 2. c4 e6 3. Nc3 Nf6 4. cxd5 exd5 5. Bg5 Be7 6. e3 c6 7. Bd3 Nbd7 8. h3 {D35: Queen's Gambit Declined: Exchange Variation.} Nf8 {now supersedes 8...0-0.} 9. Nf3 Ne6 10. Bh4 {The position is equal.} g6 11. O-O O-O {[#]} 12. Qb3 $146 ({Predecessor:} 12. Rb1 a5 13. a3 Ne8 14. Bg3 Bd6 15. Bh4 Be7 16. Bg3 Bd6 17. Bh4 {½-½ (17) Sethuraman,S (2641)-Mamedov,R (2643) Moscow 2020}) 12... Ng7 13. Rfc1 $36 {[%mdl 2048] White has the initiative.} Nfe8 14. Bg3 Bd6 15. Be5 Bxe5 16. dxe5 Qe7 17. e4 dxe4 18. Nxe4 Be6 19. Qc3 {Nf6+ is the strong threat.} (19. Bc4 {is more complex.} Bf5 20. Ng3 Be6 21. Rc3 Rd8 22. Re1) 19... f5 20. Ned2 {[%cal Be4d2,Bd2c4,Bc4d6][%mdl 32]} Nc7 21. Bc4 Rfd8 22. a4 Bxc4 23. Nxc4 Nge6 24. Rd1 (24. Nd6 $5 {[%cal Rd6b7]}) 24... Nf4 25. Qb3 Ncd5 26. Nd6 Rab8 ({Better is} 26... a5 $14) 27. Rd2 Qe6 28. Qc4 Nxg2 $2 (28... a5 $16) 29. Rxd5 $18 ({Stronger than} 29. Kxg2 Rxd6 30. Re1 (30. exd6 $2 Ne3+ {[%mdl 64] Discovered Attack} 31. fxe3 Qxc4 $19) 30... Rdd8 $17) 29... cxd5 {[#]} 30. Qd4 $1 {Accuracy: White = 80%, Black = 55%.} 1-0

[Event "Zalakaros Barczay Memorial 2020"]
[Site "Zalakaros"]
[Date "2020.09.02"]
[Round "3.2"]
[White "Meszaros, Andras"]
[Black "Kaczur, Florian"]
[Result "0-1"]
[WhiteElo "2203"]
[BlackElo "2488"]
[Annotator "TA"]
[PlyCount "100"]
[EventDate "2020.08.31"]
[EventType "swiss"]
[EventCountry "HUN"]
[SourceTitle "playchess.com"]
[Source "ChessBase"]
[SourceQuality "1"]

{[%evp 17,100,35,56,0,0,-8,0,0,27,21,26,0,0,0,0,-16,-12,-21,-15,-48,0,0,0,-6,-15,-12,-15,-25,-14,-14,-15,-14,-14,-15,-16,-169,-169,-220,-204,-286,-305,-428,-414,-517,-232,-538,-544,-491,-327,-426,-454,-472,-336,-579,-573,-566,-566,-534,-569,-559,-439,-755,-762,-697,-684,-1302,-1246,-12841,-12842,-12842,-12843,-12843,-12843,-12844,-12844,-12845,-12842,-12845,-12843,-12843,-12843,-12844,-12844,-12845,-12845]} 1. e4 e5 2. Nf3 Nc6 3. Bb5 a6 4. Ba4 Nf6 5. O-O Be7 6. Re1 b5 7. Bb3 d6 8. c3 O-O 9. h3 a5 {Recently 9...Nb8 got a lot of attention.} 10. a3 {C92: Closed Ruy Lopez: 9...Be6, Karpov and Flohr-Zaitsev Variations.} (10. a4 $14) 10... a4 $11 11. Ba2 {[#]} Nd7 $146 ({Predecessor:} 11... Bb7 12. d3 Na5 13. Nbd2 Re8 14. Nf1 c5 15. Ng3 h6 16. Nh2 d5 17. Ng4 dxe4 18. Bxh6 gxh6 19. Nxh6+ Kh7 20. Nxf7 Qd7 21. Qc1 Ng8 22. Qd1 Nf6 23. Qc1 Ng8 24. Qd1 Nf6 {½-½ (24) Rocha,S (2431)-Johannessen,L (2522) Vila Nova de Gaia 2010}) 12. d3 {The position is equal.} Nb6 13. Be3 Rb8 14. c4 b4 15. axb4 Nxb4 16. Nc3 c5 17. Bb1 Bd7 18. Ra3 Ra8 19. Bd2 Qe8 20. Nd5 N6xd5 21. exd5 Rb8 22. Qe2 f5 23. d4 cxd4 {[#]} 24. Nxd4 $1 {[%mdl 576] Pin} Na6 (24... exd4 25. Qxe7) 25. b3 Qc8 26. Ra1 $2 {Loses the game.} (26. Nb5 $11 {and White is okay.}) 26... axb3 $19 27. g4 (27. Nb5 $142) 27... fxg4 {[#] aiming for ...Bh4.} ({But not} 27... exd4 28. Qxe7 Rb6 29. Qh4 $15) 28. hxg4 (28. Nc6 {keeps fighting.} Bxc6 29. dxc6) 28... Nc5 (28... Bxg4 29. Qe4 $17) 29. Nf5 (29. Nc6 $142 Bxc6 30. dxc6) 29... Bxf5 30. Bxf5 Qc7 (30... Rxf5 $142 31. gxf5 Qxf5) 31. Qe3 $2 (31. Be3 {is a better chance.}) 31... g6 32. Bb1 Rf4 33. Qh3 Rxc4 34. Kg2 e4 35. Be3 $2 (35. g5) 35... Bf6 {Black is clearly winning.} 36. Ra3 {and the idea Bxc5 leaves White hopeful.} Bd4 37. Bxd4 Rxd4 38. Qc3 Qg7 39. Re3 (39. Ra7 $142 Qxa7 40. Qxd4) 39... Rd1 40. Qxg7+ Kxg7 41. Ra7+ Kf6 42. Bxe4 Nxe4 43. Rxe4 {[%mdl 4096] Endgame KRR-KRR} b2 44. f4 Rd2+ 45. Kf3 Rb3+ 46. Re3 Rxe3+ ({Worse is} 46... b1=Q 47. g5+ Kf5 48. Rf7#) 47. Kxe3 b1=Q {[%csl Gd2][%cal Rb1d3]} 48. g5+ Kf5 {[%csl Gd2][%cal Rb1d3]} 49. Rf7+ Kg4 {[%cal Rb1e1]} 50. Kxd2 Qe4 {Accuracy: White = 42%, Black = 75%.} 0-1

[Event "Zalakaros Barczay Memorial 2020"]
[Site "Zalakaros"]
[Date "2020.09.02"]
[Round "3.3"]
[White "Horvath, Adam"]
[Black "Boguszlavszkij, Jevgenyij"]
[Result "1-0"]
[WhiteElo "2497"]
[BlackElo "2168"]
[Annotator "TA"]
[PlyCount "105"]
[EventDate "2020.08.31"]
[EventType "swiss"]
[EventCountry "HUN"]
[SourceTitle "playchess.com"]
[Source "ChessBase"]
[SourceQuality "1"]

{[%evp 9,105,37,41,45,43,26,16,23,20,22,97,89,90,75,82,63,63,57,147,98,84,75,91,35,45,25,54,46,60,44,80,21,25,16,83,77,140,130,132,114,175,168,177,139,102,20,61,39,64,51,64,64,65,65,309,310,317,13,62,0,321,-268,-268,-510,-524,-511,-372,-460,-365,-335,356,346,328,317,285,262,1746,1696,1277,155,151,147,154,154,153,159,338,336,338,338,319,320,666,666,620,572,499,456]} 1. e4 e5 2. Nf3 Nc6 3. Bc4 Be7 4. O-O d6 5. a4 {[#]} Be6 $146 ({Predecessor:} 5... Nf6 6. d3 Na5 7. Ba2 c5 8. Nc3 Nc6 9. Nd5 Nxd5 10. Bxd5 O-O 11. c3 Bf6 12. Bd2 Ne7 13. Bc4 d5 14. exd5 Nxd5 {½-½ (57) Howell,D (2639)-Hebden,M (2555) Torquay 2013}) 6. Bxe6 {C50: Hungarian Defence and Giuoco Pianissimo.} fxe6 7. d4 exd4 8. Nxd4 {The position is equal.} Nxd4 9. Qxd4 e5 (9... Nf6 $11) 10. Qc4 Qd7 11. Nc3 Nf6 12. Bg5 h6 13. Bxf6 gxf6 (13... Bxf6 $14 14. a5 c6) 14. a5 c6 15. b4 a6 16. Rfd1 ({White should play} 16. Na4 $16 {And now Nb6 would win.} Rd8 17. Nb6) 16... Qg4 $14 17. h3 $36 {[%mdl 2048] White fights for an advantage.} Qg8 18. Qe2 Qf7 19. Na4 O-O 20. Nb6 (20. Qg4+ $16 Kh8 21. Qd7) 20... Rad8 $1 $11 21. Ra3 Kh7 (21... f5 $11 {keeps the balance.}) 22. Rf3 Qe6 (22... Qg6 $142) 23. c4 $16 Rg8 24. Rf5 Rg5 (24... Rg7 $16) 25. Rxg5 $1 $18 fxg5 26. Rd3 Rf8 27. Qd1 (27. b5 $16) 27... Rg8 28. Rf3 Bd8 29. Rf5 Rg6 30. c5 Bxb6 31. axb6 $14 {[%mdl 4096] Endgame KQR-KQR} d5 $2 (31... dxc5 $1 $14 32. bxc5 Qe7) 32. Qf3 $18 d4 33. Qg3 $2 (33. Rf8 $18) 33... Qd7 $11 {Hoping for ...d3.} 34. Qf3 (34. Rxe5 $2 d3 $17) (34. Rf3 $14) 34... Rg7 $2 {[%mdl 8192]} (34... Qe6 $1 $11 {and Black has nothing to worry.}) 35. Rxe5 $4 {[%mdl 8192]} (35. g4 $18) 35... d3 $19 36. Rf5 $2 (36. Rd5 cxd5 37. exd5) 36... d2 37. Qd1 {and if Rf6 works, White does fine.} Re7 38. Kh2 {next Rf6 is good for White.} Rxe4 39. Rf6 {Black must now prevent Rd6!} Re1 $4 {[%mdl 8192]} (39... Qe8 $1 $19 {[%cal Re8e5]} 40. f4 Rd4 41. fxg5 Qe5+ 42. Kg1 (42. g3 $2 Rd3 $19) 42... Kg7) 40. Qc2+ $18 Kg8 41. Rg6+ $1 Kf8 {[#]} (41... Kf7 42. Rxh6 Kg8 43. Qb2) 42. Qc3 $1 {[%cal Rc3h8][%mdl 512] White wants to mate with Qh8+.} Qd5 $2 (42... Rh1+ $2 43. Kg3 $18) (42... Qf7 43. Qxd2 Qxg6 44. Qxe1 Qf6) 43. Qh8+ {[%mdl 64] Double Attack} Ke7 44. Rd6 $2 (44. Rg7+ $18 {has better winning chances.} Qf7 45. Qh7 Qxg7 46. Qxg7+ Ke8 47. Qg6+ Kf8 48. Qd6+ Re7 49. Qxh6+ Ke8 50. Qg6+ Kf8 51. Qd6) 44... Qe5+ $16 ({Weaker is} 44... d1=Q 45. Qd8+ Kf7 46. Rf6+ Kg7 47. Qf8+ Kh7 48. Rxh6#) ({Avoid the trap} 44... Rh1+ $2 {[#]} 45. Kg3 $1 $18 {[%mdl 512]}) 45. Qxe5+ Rxe5 46. Rxd2 {KR-KR} Re4 47. Rd6 h5 $2 (47... Rxb4 $16 48. Rxh6 Rf4) 48. Rg6 $18 Rxb4 49. Rxg5 a5 50. Rxh5 a4 $2 (50... Rf4 51. Kg3 Rf8 52. Rh7+ Rf7) 51. Rh7+ {White is clearly winning.} Ke6 {Now ...Kd5 and Black clings on.} 52. Rxb7 Kd5 53. Ra7 {Accuracy: White = 59%, Black = 46%.} 1-0

[Event "Zalakaros Barczay Memorial 2020"]
[Site "Zalakaros"]
[Date "2020.09.02"]
[Round "3.4"]
[White "Leszko, Bence"]
[Black "Stifter, Ewald"]
[Result "1-0"]
[WhiteElo "2305"]
[BlackElo "1937"]
[Annotator "ChessBase"]
[PlyCount "74"]
[EventDate "2020.08.31"]
[EventType "swiss"]
[EventCountry "HUN"]
[SourceTitle "playchess.com"]
[Source "ChessBase"]
[SourceQuality "1"]
[TimeControl "40/5400+30:1800+30"]

1. Nf3 {[%emt 0:00:01]} Nf6 {[%emt 0:10:39]} 2. c4 {[%emt 0:00:06]} c5 {[%emt 0:00:41]} 3. Nc3 {[%emt 0:00:20]} g6 {[%emt 0:00:47]} 4. e4 {[%emt 0:00:40]} d6 {[%emt 0:00:04]} 5. d4 {[%emt 0:00:19]} cxd4 {[%emt 0:01:08]} 6. Nxd4 {[%emt 0:00:07]} Bg7 {[%emt 0:00:26]} 7. Be2 {[%emt 0:00:16]} O-O {[%emt 0:00:51]} 8. Be3 {[%emt 0:00:16]} Nc6 {[%emt 0:01:41]} 9. O-O {[%emt 0:00:12]} Nxd4 {[%emt 0:01:28]} 10. Bxd4 {[%emt 0:00:09]} Be6 {[%emt 0:00:50]} 11. f4 {[%emt 0:02:18]} Rc8 {[%emt 0:03:58]} 12. b3 {[%emt 0:01:14]} Qa5 {[%emt 0:07:22]} 13. Kh1 {[%emt 0:03:16]} Rcd8 {[%emt 0:12:21]} 14. Qe1 {[%emt 0:01:18]} b6 {[%emt 0:04:30]} 15. a3 {[%emt 0:01:34]} Bg4 {[%emt 0:02:07]} 16. Bxg4 {[%emt 0:07:16]} Nxg4 {[%emt 0:00:05]} 17. Bxg7 {[%emt 0:00:07]} Kxg7 {[%emt 0:00:19]} 18. Rf3 {[%emt 0:03:14]} h5 {[%emt 0:05:58]} 19. Qh4 {[%emt 0:04:18]} Nf6 {[%emt 0:01:27]} 20. e5 {[%emt 0:03:01]} dxe5 {[%emt 0:00:34]} 21. b4 {[%emt 0:00:04]} Qa6 {[%emt 0:00:53]} 22. fxe5 {[%emt 0:00:11]} Ng4 {[%emt 0:00:51]} 23. Re1 {[%emt 0:12:00]} Qxc4 {[%emt 0:03:37]} 24. Qxe7 {[%emt 0:00:43]} Rfe8 {[%emt 0:10:27]} 25. Qg5 {[%emt 0:00:28]} Rd3 {[%emt 0:06:47]} 26. Nb1 {[%emt 0:40:46]} Rxf3 {[%emt 0:01:55]} 27. gxf3 {[%emt 0:02:00]} Rxe5 {[%emt 0:04:25]} 28. Qd2 {[%emt 0:00:25]} Rxe1+ {[%emt 0:05:41]} 29. Qxe1 {[%emt 0:00:01]} Nf6 {[%emt 0:00:45]} 30. Kg1 {[%emt 0:01:12]} Qd4+ {[%emt 0:00:39]} 31. Kg2 {[%emt 0:02:57]} Qb2+ {[%emt 0:00:37]} 32. Kg3 {[%emt 0:00:54]} h4+ {[%emt 0:03:57]} 33. Kh3 {[%emt 0:00:07]} g5 {[%emt 0:00:23]} 34. Nc3 {[%emt 0:02:17]} Qxa3 {[%emt 0:01:22]} 35. Qe3 {[%emt 0:00:19]} Kg6 {[%emt 0:01:59]} 36. Qd3+ {[%emt 0:00:01]} Kh6 {[%emt 0:00:01]} 37. Qd4 {[%emt 0:00:17]} Nh7 {[%emt 0:02:19]} 1-0

[Event "Zalakaros Barczay Memorial 2020"]
[Site "Zalakaros"]
[Date "2020.09.02"]
[Round "3.5"]
[White "Molnar Gabor, Roland"]
[Black "Dobos, Jozsef"]
[Result "0-1"]
[WhiteElo "2051"]
[BlackElo "2254"]
[Annotator "ChessBase"]
[PlyCount "72"]
[EventDate "2020.08.31"]
[EventType "swiss"]
[EventCountry "HUN"]
[SourceTitle "playchess.com"]
[Source "ChessBase"]
[SourceQuality "1"]
[TimeControl "40/5400+30:1800+30"]

1. d4 {[%emt 0:00:13]} Nf6 {[%emt 0:00:17]} 2. Bf4 {[%emt 0:00:34]} g6 {[%emt 0:03:55]} 3. Nc3 {[%emt 0:00:02]} c5 {[%emt 0:06:21]} 4. dxc5 {[%emt 0:02:29]} Qa5 {[%emt 0:00:59]} 5. Nf3 {[%emt 0:01:30]} Bg7 {[%emt 0:03:06]} 6. Qd2 {[%emt 0:02:48]} Qxc5 {[%emt 0:02:29]} 7. e4 {[%emt 0:01:59]} d6 {[%emt 0:01:17]} 8. Be2 {[%emt 0:05:57]} O-O {[%emt 0:01:40]} 9. O-O {[%emt 0:01:00]} Nc6 {[%emt 0:09:52]} 10. Bh6 {[%emt 0:09:44]} Bg4 {[%emt 0:03:20]} 11. Bxg7 {[%emt 0:05:24]} Kxg7 {[%emt 0:00:23]} 12. Rad1 {[%emt 0:17:39]} Bxf3 {[%emt 0:02:21]} 13. Bxf3 {[%emt 0:00:51]} Rac8 {[%emt 0:00:49]} 14. Na4 {[%emt 0:07:53]} Qe5 {[%emt 0:07:40]} 15. Rfe1 {[%emt 0:13:21]} b5 {[%emt 0:00:58]} 16. Nc3 {[%emt 0:00:09]} b4 {[%emt 0:00:15]} 17. Na4 {[%emt 0:02:19]} Qa5 {[%emt 0:04:08]} 18. b3 {[%emt 0:00:34]} Ne5 {[%emt 0:02:22]} 19. a3 {[%emt 0:06:38]} Nxf3+ {[%emt 0:01:16]} 20. gxf3 {[%emt 0:00:01]} Qh5 {[%emt 0:00:17]} 21. Re3 {[%emt 0:11:23]} bxa3 {[%emt 0:02:15]} 22. c4 {[%emt 0:01:17]} Rb8 {[%emt 0:04:31]} 23. Ra1 {[%emt 0:03:28]} Qg5+ {[%emt 0:00:25]} 24. Kh1 {[%emt 0:00:13]} Rxb3 {[%emt 0:00:14]} 25. Rg1 {[%emt 0:01:13]} Qf4 {[%emt 0:01:07]} 26. Nc3 {[%emt 0:01:42]} Rb2 {[%emt 0:00:40]} 27. Qe1 {[%emt 0:01:08]} a2 {[%emt 0:03:26]} 28. Ne2 {[%emt 0:00:42]} Qh4 {[%emt 0:02:29]} 29. Ng3 {[%emt 0:00:31]} Kh8 {[%emt 0:00:54]} 30. Ra3 {[%emt 0:01:34]} Rfb8 {[%emt 0:04:35]} 31. Kg2 {[%emt 0:00:30]} Rc2 {[%emt 0:03:20]} 32. Rf1 {[%emt 0:00:40]} Nh5 {[%emt 0:08:04]} 33. Nxh5 {[%emt 0:00:24]} gxh5 {[%emt 0:00:53]} 34. Rxa7 {[%emt 0:00:36]} Rg8+ {[%emt 0:00:30]} 35. Kh1 {[%emt 0:00:01]} Qh3 {[%emt 0:00:29]} 36. Rg1 {[%emt 0:00:03]} Qxf3+ {[%emt 0:00:10]} 0-1

[Event "Zalakaros Barczay Memorial 2020"]
[Site "Zalakaros"]
[Date "2020.09.02"]
[Round "3.6"]
[White "Pasztor, Ferenc"]
[Black "Jeszenszky, Jozsef"]
[Result "1-0"]
[WhiteElo "2231"]
[BlackElo "2048"]
[Annotator "ChessBase"]
[PlyCount "79"]
[EventDate "2020.08.31"]
[EventType "swiss"]
[EventCountry "HUN"]
[SourceTitle "playchess.com"]
[Source "ChessBase"]
[SourceQuality "1"]
[TimeControl "40/5400+30:1800+30"]

1. d4 {[%emt 0:00:01]} d5 {[%emt 0:28:07]} 2. Nf3 {[%emt 0:00:18]} Nf6 {[%emt 0:00:26]} 3. g3 {[%emt 0:00:12]} c6 {[%emt 0:00:10]} 4. Bg2 {[%emt 0:00:09]} Bf5 {[%emt 0:00:27]} 5. Nh4 {[%emt 0:00:33]} e6 {[%emt 0:02:55]} 6. Nxf5 {[%emt 0:01:26]} exf5 {[%emt 0:00:06]} 7. O-O {[%emt 0:00:16]} Be7 {[%emt 0:02:07]} 8. b3 {[%emt 0:02:23]} O-O {[%emt 0:02:56]} 9. c4 {[%emt 0:00:15]} Ne4 {[%emt 0:01:29]} 10. f3 {[%emt 0:13:03]} Nf6 {[%emt 0:01:43]} 11. Nc3 {[%emt 0:00:48]} Nbd7 {[%emt 0:07:23]} 12. Qd3 {[%emt 0:04:44]} g6 {[%emt 0:04:21]} 13. Bh6 {[%emt 0:00:12]} Re8 {[%emt 0:00:05]} 14. Rad1 {[%emt 0:09:30]} Bb4 {[%emt 0:07:20]} 15. Nb1 {[%emt 0:07:22]} Qe7 {[%emt 0:07:44]} 16. Rf2 {[%emt 0:02:00]} Rad8 {[%emt 0:05:16]} 17. Qc2 {[%emt 0:07:45]} Qe6 {[%emt 0:03:49]} 18. c5 {[%emt 0:12:19]} Ba5 {[%emt 0:02:43]} 19. Bf4 {[%emt 0:03:42]} Rc8 {[%emt 0:01:43]} 20. b4 {[%emt 0:01:25]} Bc7 {[%emt 0:01:58]} 21. Bxc7 {[%emt 0:00:31]} Rxc7 {[%emt 0:00:05]} 22. Nc3 {[%emt 0:00:40]} Rcc8 {[%emt 0:03:40]} 23. a4 {[%emt 0:00:53]} a6 {[%emt 0:00:14]} 24. Rd3 {[%emt 0:08:17]} Nf8 {[%emt 0:03:06]} 25. Qd2 {[%emt 0:04:29]} Kg7 {[%emt 0:00:21]} 26. Rf1 {[%emt 0:05:21]} Rc7 {[%emt 0:06:04]} 27. Re1 {[%emt 0:03:22]} Rce7 {[%emt 0:01:52]} 28. b5 {[%emt 0:03:13]} axb5 {[%emt 0:00:54]} 29. axb5 {[%emt 0:00:06]} Ra8 {[%emt 0:00:08]} 30. b6 {[%emt 0:02:57]} Ree8 {[%emt 0:00:20]} 31. e4 {[%emt 0:00:59]} fxe4 {[%emt 0:00:17]} 32. fxe4 {[%emt 0:00:09]} dxe4 {[%emt 0:01:59]} 33. Bxe4 {[%emt 0:01:57]} Qc4 {[%emt 0:03:13]} 34. Re2 {[%emt 0:00:59]} Ra3 {[%emt 0:01:07]} 35. Bf3 {[%emt 0:00:45]} Rxe2 {[%emt 0:00:49]} 36. Bxe2 {[%emt 0:00:10]} Ne6 {[%emt 0:00:04]} 37. Kg2 {[%emt 0:02:42]} h6 {[%emt 0:00:26]} 38. d5 {[%emt 0:00:25]} Nxc5 {[%emt 0:00:59]} 39. Rf3 {[%emt 0:00:36]} cxd5 {[%emt 0:00:31]} 40. Bxc4 {[%emt 0:00:00]} 1-0